|
|
|
|
| LEADER |
00000nam a2200000 a 4500 |
| 001 |
vtls001265234 |
| 003 |
SK-MaSNL |
| 005 |
20260421142327.0 |
| 008 |
240315s1960 xr 0 cze |
| 035 |
|
|
|a SNK000216160
|
| 040 |
|
|
|a SNK
|b slo
|c SNK
|e AACR2
|
| 044 |
|
|
|a xr
|c CZ
|
| 100 |
1 |
|
|a Berkesi, András,
|d 1919-1997
|4 aut
|9 369187
|
| 245 |
0 |
|
|a Podivný podzim
|c András Berkesi ; z maď orig. přel. Anna Rosssová
|
| 246 |
1 |
0 |
|a =Oktoberi vihar
|
| 260 |
|
|
|a Praha
|b SNKLHU
|c 1960
|
| 300 |
|
|
|a 389, [2] s.
|c 8°
|
| 490 |
0 |
|
|a Klub čtenářů
|v sv. 124
|
| 700 |
1 |
|
|a Rossová, Anna,
|d 1925-1995
|4 trl
|9 260876
|
| 999 |
|
|
|c 540439
|d 542369
|
| 952 |
|
|
|t P60, <04>, [BOOK], {604}
|a SNK
|b SNK
|y VYP
|7 0
|o snkID 26513
|i snkKIP 6771/60
|0 0
|1 0
|4 0
|d 1996-11-05
|l 0
|r 2005-01-01 00:00:00
|w 2026-02-23
|
| 952 |
|
|
|t P60, <04>, [BOOK], {604}
|a SNK
|b SNK
|y VYP
|7 0
|o snkID 26513 D1
|i snkKIP 6772/60
|0 0
|1 0
|4 0
|d 1996-11-05
|l 0
|r 2005-01-01 00:00:00
|w 2026-02-23
|